000 00648nam a2200205Ia 4500
003 GCL
005 20240530102454.0
008 140319s9999 xx 000 0 ara d
040 _aGCL /
_cGCL
082 0 4 _a794.1
_bع ف
100 1 _aعبدالرحمن محفوظ محمد
245 1 0 _aفن الشطرنج :
_bالخطة /
_cعبدالرحمن محفوظ محمد
260 _aالاسكندرية :
_bمنشاة المعارف ،
_c1985
300 _a226 ص؛
_c24 سم
650 0 4 _aالشطرنج
650 0 4 _aالالعاب الرياضية
650 0 4 _aالترفيه
650 0 4 _aالرياضة الذهنية
942 _2ddc
_cBK
999 _c32495
_d32495